| 000 | 00693nam a2200229Ia 4500 | ||
|---|---|---|---|
| 020 | _a9211260469 | ||
| 040 | _cDJB | ||
| 082 | _a306 UNI 1996 A076 Or. | ||
| 245 | 0 | 0 |
_aBackground papers : _bHuman development report 1995 |
| 246 | 3 | 0 | _aBackground papers Human development report 1995 |
| 246 | 3 | 7 | _aBackground papers for the Human development report 1995 |
| 260 |
_aNew York : _bUnited Nations Development Programme, _cc1996 |
||
| 300 |
_av, 155 p. : _bill. ; _c28 cm |
||
| 650 | 0 | _aSex role | |
| 650 | 0 | _aWomen in development | |
| 650 | 0 | _aWomen | |
| 650 | 0 | _aWomen | |
| 650 | 0 | _aEquality | |
| 700 | 1 | _aAnand, Sudhir, | |
| 710 | 2 | _aUnited Nations Development Programme | |
| 942 | _cEK | ||
| 999 |
_c15337 _d15337 |
||